|
|
|
|
| LEADER |
00000cam a2200000 c 4500 |
| 001 |
01604052X |
| 003 |
DE-627 |
| 005 |
20260223134516.0 |
| 007 |
tu |
| 008 |
910718s1991 gw ||||| 00| ||ger c |
| 015 |
|
|
|a 91,N09,0782
|2 dnb
|
| 015 |
|
|
|a 91,N09,0782
|2 dnb
|
| 016 |
7 |
|
|a 910269483
|2 DE-101
|
| 020 |
|
|
|a 3593344203
|
| 035 |
|
|
|a (DE-627)01604052X
|
| 035 |
|
|
|a (DE-603)014289938
|
| 035 |
|
|
|a (DE-576)023939095
|
| 035 |
|
|
|a (DE-599)GBV01604052X
|
| 035 |
|
|
|a (OCoLC)231149865
|
| 035 |
|
|
|a (OCoLC)26071571
|
| 035 |
|
|
|a (AT-OBV)AC00197325
|
| 035 |
|
|
|a (DE-H357)his5042
|
| 040 |
|
|
|a DE-627
|b ger
|c DE-627
|e rakwb
|
| 041 |
|
|
|a ger
|
| 044 |
|
|
|c XA-DE
|c XD-US
|
| 060 |
|
0 |
|a HQ 76.2.G4
|
| 084 |
|
|
|a PSY 420 (50)
|2 sfb
|
| 084 |
|
|
|a GESCH 432,8
|2 sfb
|
| 084 |
|
|
|a 64
|a 63
|2 sdnb
|
| 084 |
|
|
|a NQ 2350
|2 rvk
|0 (DE-625)rvk/128254:
|
| 084 |
|
|
|a NQ 2306
|2 rvk
|0 (DE-625)rvk/128247:
|
| 084 |
|
|
|a 15.43
|2 bkl
|
| 084 |
|
|
|a 89.58
|2 bkl
|
| 100 |
1 |
|
|a Plant, Richard
|d 1910-1998
|0 (DE-588)119446995
|0 (DE-627)080261019
|0 (DE-576)212591118
|4 aut
|
| 109 |
|
|
|a Plant, Richard 1910-1998
|a Brockhoff, Stefan 1910-1998
|a Plant, Richard R. 1910-1998
|a Plant, Richard Rene 1910-1998
|a Plaut, Richard 1910-1998
|a Plant, Richard René 1910-1998
|
| 240 |
1 |
4 |
|a The pink triangle <dt.>
|
| 245 |
1 |
0 |
|a Rosa Winkel
|b der Krieg der Nazis gegen die Homosexuellen
|c Richard Plant. Aus dem Engl. von Danny Lee Lewis und Thomas Plaichinger
|
| 264 |
|
1 |
|a Frankfurt/Main [u.a.]
|b Campus-Verl.
|c 1991
|
| 300 |
|
|
|a 212 S.
|b Ill.
|c 21 cm
|
| 336 |
|
|
|a Text
|b txt
|2 rdacontent
|
| 337 |
|
|
|a ohne Hilfsmittel zu benutzen
|b n
|2 rdamedia
|
| 338 |
|
|
|a Band
|b nc
|2 rdacarrier
|
| 361 |
1 |
|
|5 DE-32
|y 3970186854
|s B1 P713
|o Vorbesitz
|a NN
|f Preis
|
| 361 |
1 |
|
|5 DE-32
|y 3970186854
|s B1 P713
|o Sammlung
|a Sammlung Buchenwald der Herzogin Anna Amalia Bibliothek
|0 (DE-588)1158507305
|0 (DE-627)1020520876
|0 (DE-576)504002791
|
| 500 |
|
|
|a Literaturverz. S. 195 - 206
|
| 583 |
1 |
|
|a Archivierung/Langzeitarchivierung gewährleistet
|f SLG
|x XA-DE-BW
|z BfZ
|2 pdager
|5 DE-24
|
| 648 |
|
7 |
|a Geschichte 1933-1945
|2 gnd
|
| 648 |
|
4 |
|a Geschichte
|
| 648 |
|
4 |
|a Geschichte 1933-1945
|
| 650 |
|
2 |
|a Concentration Camps
|x history
|
| 650 |
|
2 |
|a Homosexuality
|x history
|
| 650 |
|
2 |
|a Political Systems
|x history
|
| 650 |
0 |
7 |
|0 (DE-588)4013021-6
|0 (DE-627)104682922
|0 (DE-576)208901639
|a Drittes Reich
|2 gnd
|
| 650 |
0 |
7 |
|0 (DE-588)4025801-4
|0 (DE-627)106291467
|0 (DE-576)208962964
|a Homosexueller
|2 gnd
|
| 650 |
0 |
7 |
|0 (DE-588)4046565-2
|0 (DE-627)104501553
|0 (DE-576)209070099
|a Politische Verfolgung
|2 gnd
|
| 650 |
0 |
7 |
|0 (DE-588)4025801-4
|0 (DE-627)106291467
|0 (DE-576)208962964
|a Homosexueller
|2 gnd
|
| 650 |
0 |
7 |
|0 (DE-588)4046565-2
|0 (DE-627)104501553
|0 (DE-576)209070099
|a Politische Verfolgung
|2 gnd
|
| 651 |
|
7 |
|0 (DE-588)4011882-4
|0 (DE-627)104704861
|0 (DE-576)208896155
|a Deutschland
|2 gnd
|
| 689 |
0 |
0 |
|d s
|0 (DE-588)4013021-6
|0 (DE-627)104682922
|0 (DE-576)208901639
|a Drittes Reich
|2 gnd
|
| 689 |
0 |
1 |
|d s
|0 (DE-588)4025801-4
|0 (DE-627)106291467
|0 (DE-576)208962964
|a Homosexueller
|2 gnd
|
| 689 |
0 |
2 |
|d s
|0 (DE-588)4046565-2
|0 (DE-627)104501553
|0 (DE-576)209070099
|a Politische Verfolgung
|2 gnd
|
| 689 |
0 |
3 |
|a z
|2 gnd
|a Geschichte
|
| 689 |
0 |
|
|5 DE-101
|
| 689 |
1 |
0 |
|d g
|0 (DE-588)4011882-4
|0 (DE-627)104704861
|0 (DE-576)208896155
|a Deutschland
|2 gnd
|
| 689 |
1 |
1 |
|d s
|0 (DE-588)4025801-4
|0 (DE-627)106291467
|0 (DE-576)208962964
|a Homosexueller
|2 gnd
|
| 689 |
1 |
2 |
|d s
|0 (DE-588)4046565-2
|0 (DE-627)104501553
|0 (DE-576)209070099
|a Politische Verfolgung
|2 gnd
|
| 689 |
1 |
3 |
|a z
|2 gnd
|a Geschichte 1933-1945
|
| 689 |
1 |
|
|5 DE-101
|
| 689 |
2 |
0 |
|a z
|2 gnd
|a Geschichte
|
| 689 |
2 |
|
|5 (DE-627)
|
| 689 |
3 |
0 |
|d s
|0 (DE-588)4013021-6
|0 (DE-627)104682922
|0 (DE-576)208901639
|a Drittes Reich
|2 gnd
|
| 689 |
3 |
1 |
|d s
|0 (DE-588)4025801-4
|0 (DE-627)106291467
|0 (DE-576)208962964
|a Homosexueller
|2 gnd
|
| 689 |
3 |
2 |
|d s
|0 (DE-588)4046565-2
|0 (DE-627)104501553
|0 (DE-576)209070099
|a Politische Verfolgung
|2 gnd
|
| 689 |
3 |
|
|5 (DE-627)
|
| 700 |
1 |
2 |
|a Plant, Richard
|d 1910-1998
|t The pink triangle <dt.>
|
| 856 |
4 |
2 |
|u http://d-nb.info/910269483/04
|m B:DE-101
|q pdf/application
|v 20161127003401
|x Verlag
|3 Inhaltsverzeichnis
|7 1
|
| 856 |
4 |
2 |
|u http://scans.hebis.de/HEBCGI/show.pl?01428993_toc.pdf
|m V:DE-605
|q application/pdf
|3 Inhaltsverzeichnis
|7 1
|
| 889 |
|
|
|w (DE-627)019193521
|
| 935 |
|
|
|i Blocktest
|
| 936 |
r |
v |
|a NQ 2350
|b Konzentrationslager, Euthanasie etc.
|k Geschichte
|k Geschichte seit 1918
|k Drittes Reich
|k Innere Geschichte
|k NS-Terror
|k Konzentrationslager, Euthanasie etc.
|0 (DE-627)1270875485
|0 (DE-625)rvk/128254:
|0 (DE-576)200875485
|
| 936 |
r |
v |
|a NQ 2306
|b Sonstige Gesellschaftsschichten und Berufsgruppen
|k Geschichte
|k Geschichte seit 1918
|k Drittes Reich
|k Innere Geschichte
|k Sonstige Gesellschaftsschichten und Berufsgruppen
|0 (DE-627)1271139073
|0 (DE-625)rvk/128247:
|0 (DE-576)201139073
|
| 936 |
b |
k |
|a 15.43
|j Deutsche Geschichte des 19. Jahrhunderts bis zur Gegenwart
|0 (DE-627)181569701
|
| 936 |
b |
k |
|a 89.58
|j Politische Gewalt
|0 (DE-627)106416960
|
| 936 |
s |
n |
|a n100
|2 mzub
|
| 951 |
|
|
|a BO
|
| ELC |
|
|
|b 1
|
| LOK |
|
|
|0 000 xxxxxcx a22 zn 4500
|
| LOK |
|
|
|0 001 3354123524
|
| LOK |
|
|
|0 003 DE-627
|
| LOK |
|
|
|0 004 01604052X
|
| LOK |
|
|
|0 005 20020607000000
|
| LOK |
|
|
|0 008 931213||||||||||||||||ger|||||||
|
| LOK |
|
|
|0 040
|a DE-21-110
|c DE-627
|d DE-21-110
|
| LOK |
|
|
|0 852
|a DE-21-110
|
| LOK |
|
|
|0 852 1
|c C X 235
|m p
|9 00
|
| LOK |
|
|
|0 935
|a k110
|
| LOK |
|
|
|0 936ln
|a 10.2.1
|
| LOK |
|
|
|0 938
|k p
|
| LOK |
|
|
|0 939
|a 13-12-93
|b l01
|
| ORI |
|
|
|a WA-MARC-krimdoka001.raw
|
| SIG |
|
|
|a IFK: C X 235
|
| TIM |
|
|
|a 100019330101_100019451231
|b Geschichte 1933-1945
|